Bloodonmyhands - Tate McRae ft. Flo Milli - Statistics

General Stats
  • This quiz has been taken 77 times
  • The average score is 377 of 470
Answer Stats
% Correct
I
100%
(I
100%
go,
97%
go
97%
got
97%
my
97%
My
97%
on
97%
(On
97%
so
97%
So
97%
(So,
97%
so,
97%
you
97%
You
97%
you)
97%
a
95%
blood
95%
Blood
95%
hand)
95%
hands
95%
hands)
95%
some
95%
your
92%
he
91%
He
91%
(He
91%
me,
91%
in
89%
the
89%
and,
85%
and
85%
And
85%
boy?
85%
boy
85%
boy,
85%
(Boy),
85%
Boy,
85%
can
85%
it
85%
like
85%
to
83%
be
82%
can't
82%
can't)
82%
night
82%
stars
82%
(Stars)
82%
Stars
82%
You're
82%
you're
82%
baby
80%
Oh,
80%
(Oh
80%
that
80%
that,
80%
Dance
78%
for
78%
Held
78%
I'm
78%
seein'
78%
up
78%
was
78%
all
77%
back
77%
know
77%
then,
77%
when
77%
call,
75%
damn
75%
Didn't
75%
fallin'
75%
(Fallin')
75%
man
75%
mind
75%
mind,
75%
think
75%
fucks
74%
hates
74%
ain't
72%
answer
72%
new
72%
disease
71%
goin'
71%
hard
71%
hard)
71%
kills
71%
(Kills
71%
please,
71%
bothered,
69%
bothered
69%
found
69%
(Found),
69%
I'd
69%
of
69%
One
69%
one
69%
secrets
69%
side
69%
around,
68%
let
68%
messin'
68%
play
68%
throwin'
68%
yeah)
68%
Yeah,
68%
another,
66%
another
66%
cross
66%
down,
66%
hit
66%
knew
66%
lines
66%
pretty
66%
streets
66%
But
65%
club
65%
where'd
65%
worst
65%
worth
65%
drunk
63%
half
63%
prepared
63%
they
63%
wanna
63%
war
63%
were
63%
bitch,
62%
callin'
62%
(Callin')
62%
choices
62%
fucking
62%
Holdin'
62%
kept
62%
pride
62%
time,
62%
Bounced
60%
feelings
60%
had
60%
move
60%
second
60%
begging
58%
fight
58%
hurtin'
58%
Moved
58%
vault
58%
Won't
58%
attack,
57%
don't
57%
drinks
57%
inside
57%
sick
57%
ballin'
55%
(Ballin')
55%
couple
55%
get
55%
if
55%
Okay,
55%
out
55%
workin'
54%
believe
52%
grip,
52%
is
52%
it's
52%
lotta
52%
scheming
52%
stay
52%
niggas
49%
whip,
48%
forgot
46%
as
45%
fast
45%
stallin'
45%
stallin')
45%
through
45%
them
43%
over,
42%
(Mm)
40%
no),
40%
walk
40%
cream,
35%
(Ah)
28%
(Ah,
28%
ah)
28%
(Ooh)
22%
Movеd
2%
No matching quizzes found
Score Distribution
Percent of People with Each Score
Percentile by Number Answered
Your Score History
You have not taken this quiz